| 000 | 00566nam a22001937a 4500 | ||
|---|---|---|---|
| 005 | 20170913143429.0 | ||
| 010 | _aENG-120272 | ||
| 020 |
_a9789380567198 _c500.00 |
||
| 035 | _aEN-103804 | ||
| 037 | _bDBAD/PUB | ||
| 082 | _a657.207 | ||
| 100 | _aChaudhary,Renu | ||
| 245 |
_aBook-keeping teaching / _cby Renu Chaudhary |
||
| 260 |
_aJaipur _bShri Kavita Prakashan _c2011 |
||
| 260 |
_aJaipur _bApollo Prakashan _c2011 |
||
| 270 |
_aShop N0-25 Pink City Market Rajapark _bJaipur |
||
| 300 |
_a373p. _c21cm(Hb) |
||
| 942 |
_2ddc _cEN _h657.20 _mCHO |
||
| 999 |
_c144492 _d144492 |
||